<?xml version="1.0" encoding="UTF-8"?>
<record
    xmlns:xsi="http://www.w3.org/2001/XMLSchema-instance"
    xsi:schemaLocation="http://www.loc.gov/MARC21/slim http://www.loc.gov/standards/marcxml/schema/MARC21slim.xsd"
    xmlns="http://www.loc.gov/MARC21/slim">

  <leader>02929cam a2200253   4500500</leader>
  <controlfield tag="005">20260524000253.0</controlfield>
  <datafield tag="041" ind1=" " ind2=" ">
    <subfield code="a">fre</subfield>
  </datafield>
  <datafield tag="042" ind1=" " ind2=" ">
    <subfield code="a">dc</subfield>
  </datafield>
  <datafield tag="100" ind1="1" ind2="0">
    <subfield code="a">Spicer, Paul</subfield>
    <subfield code="e">author</subfield>
  </datafield>
  <datafield tag="700" ind1="1" ind2="0">
    <subfield code="a">Le Houezec-Jacquemain, Fr&#xE9;d&#xE9;rique</subfield>
    <subfield code="e">author</subfield>
  </datafield>
  <datafield tag="245" ind1="0" ind2="0">
    <subfield code="a">Les m&#xE9;thodes ethnographiques, la psychanalyse, et la recherche sur les interventions pr&#xE9;coces</subfield>
  </datafield>
  <datafield tag="260" ind1=" " ind2=" ">
    <subfield code="c">2002.
							</subfield>
  </datafield>
  <datafield tag="500" ind1=" " ind2=" ">
    <subfield code="a">61</subfield>
  </datafield>
  <datafield tag="520" ind1=" " ind2=" ">
    <subfield code="a">R&#xE9;sum&#xE9;Cet article d&#xE9;crit quelques-unes des convergences possibles entre l&#x2019;ethnographie et la psychanalyse, dans une &#xE9;tude d&#x2019;intervention pr&#xE9;coce. Dans la mesure o&#xF9; la psychanalyse et l&#x2019;ethnographie insistent sur la validit&#xE9; des relations interpersonnelles comme moyen de connaissance, il existe un potentiel important de convergence, tant sur le plan th&#xE9;orique que sur celui des m&#xE9;thodes. Comme la psychanalyse, l&#x2019;ethographie donne du prix &#xE0; l&#x2019;interpr&#xE9;tation des mouvements &#xE9;mergents au cours de la rencontre avec l&#x2019;autre, plus que dans le d&#xE9;veloppement, &#xE0; l&#x2019;avance, d&#x2019;exp&#xE9;riences mises en place pour le d&#xE9;veloppement d&#x2019;hypoth&#xE8;ses. Cette insistance peut mettre l&#x2019;ethographie en difficult&#xE9; par rapport au paradigme hypoth&#xE9;tico-d&#xE9;ductif qui est dominant dans tant de sciences sociales, mais il permet l&#x2019;&#xE9;mergence de trouvailles surprenantes, du fait de l&#x2019;immersion de l&#x2019;ethnologue dans la culture locale. La valeur de l&#x2019;approche ethographique est illustr&#xE9;e ici par la fa&#xE7;on dont elle a permis de comprendre l&#x2019;impact d&#x2019;un programme de type Montessori sur les familles.</subfield>
  </datafield>
  <datafield tag="520" ind1=" " ind2=" ">
    <subfield code="a">This paper describes some possible convergence between ethnographic and psychoanalytic methods in a study of early childhood intervention. Insofar as both psychoanalysis and ethnography emphasize the value of personal relationships as ways of knowing, there is enormous potential for a convergence of both theory and method. Like psychoanalysis, ethnography puts a premium on the interpretation of emerging dynamics in our encounters with others rather than the development, in advance, of experiments designed to test hypotheses. This emphasis can put ethnographers at odds with the hypothetical-deductive paradigm that is dominant in so many social sciences, but it is designed to allow for surprising findings to emerge by virtue of the ethnographer&#x2019;s immersion in local cultural contexts. The value of an ethnographic approach is illustrated here by examining some of the contributions that an ethnographic study has made to our evolving understanding of how a Montessori early childhood program affects families.</subfield>
  </datafield>
  <datafield tag="690" ind1=" " ind2=" ">
    <subfield code="a">ethnographie</subfield>
  </datafield>
  <datafield tag="690" ind1=" " ind2=" ">
    <subfield code="a">interventions pr&#xE9;coces</subfield>
  </datafield>
  <datafield tag="690" ind1=" " ind2=" ">
    <subfield code="a">psychanalyse</subfield>
  </datafield>
  <datafield tag="690" ind1=" " ind2=" ">
    <subfield code="a">early childhood intervention</subfield>
  </datafield>
  <datafield tag="690" ind1=" " ind2=" ">
    <subfield code="a">ethnography</subfield>
  </datafield>
  <datafield tag="690" ind1=" " ind2=" ">
    <subfield code="a">psychoanalysis</subfield>
  </datafield>
  <datafield tag="786" ind1="0" ind2=" ">
    <subfield code="n">Devenir | 14 | 4 | 2002-12-01 | p. 389-399 | 1015-8154</subfield>
  </datafield>
  <datafield tag="856" ind1="4" ind2="1">
    <subfield code="u">https://stm.cairn.info/revue-devenir-2002-4-page-389?lang=fr&amp;redirect-ssocas=7080</subfield>
  </datafield>
  <datafield tag="999" ind1=" " ind2=" ">
    <subfield code="c">2249104</subfield>
    <subfield code="d">2249104</subfield>
  </datafield>
</record>
